Kniha pro ženy /
Průvodce pro ženy, které chtějí znovu najít životní radost.
Uloženo v:
| Hlavní autor: | |
|---|---|
| Další autoři: | |
| Médium: | E-kniha |
| Jazyk: | Czech |
| Vydáno: |
V Brně :
BizBooks,
2023
|
| Vydání: | 1. vydání |
| Témata: | |
| Tagy: |
Žádné tagy |
| LEADER | 02490nam a2200577 i 4500 | ||
|---|---|---|---|
| 001 | 311975 | ||
| 003 | CZ PrSKC | ||
| 005 | 20260601215715.0 | ||
| 007 | ta | ||
| 008 | 230516s2023 xr a e f 000 0 cze | ||
| 015 | |a cnb003520617 | ||
| 020 | |a 9788026511397 |q (vázáno) : |c Kč 399,00 | ||
| 035 | |a (OCoLC)1381700726 | ||
| 040 | |a BOA001 |b cze |e rda | ||
| 072 | 7 | |a 159.92 |x Vývojová psychologie. Individuální psychologie |2 Konspekt | |
| 080 | |a 316.346.2-055.2 |2 MRF | ||
| 080 | |a 159.923.2 |2 MRF | ||
| 080 | |a 159.923.5 |2 MRF | ||
| 080 | |a 005.572 |2 MRF | ||
| 080 | |a 159.923-025.18 |2 MRF | ||
| 080 | |a (035) |2 MRF | ||
| 100 | 1 | |a Studničková Šípková, Olga, |d 1969- |7 jn20000402955 |4 aut | |
| 245 | 1 | 0 | |a Kniha pro ženy / |c Olga Studničková Šípková, Milan Studnička |
| 250 | |a 1. vydání | ||
| 264 | 1 | |a V Brně : |b BizBooks, |c 2023 | |
| 300 | |a 199 stran : |b ilustrace ; |c 24 cm | ||
| 336 | |a text |b txt |2 rdacontent | ||
| 337 | |a bez média |b n |2 rdamedia | ||
| 338 | |a svazek |b nc |2 rdacarrier | ||
| 520 | 2 | |a Průvodce pro ženy, které chtějí znovu najít životní radost. |b Díky tipům a zkušenostem zjistíte, jak vychovávat děti s lehkostí, jak si udržet harmonický vztah i jak s nadhledem řešit nepříjemné situace. Nakladatelská anotace. Kráceno. | |
| 650 | 0 | 7 | |a ženy |7 ph127967 |2 czenas |
| 650 | 0 | 7 | |a sebepoznání |7 ph116116 |2 czenas |
| 650 | 0 | 7 | |a sebepřijímání |7 ph210489 |2 czenas |
| 650 | 0 | 7 | |a rozvoj osobnosti |7 ph194683 |2 czenas |
| 650 | 0 | 7 | |a koučování |7 ph335997 |2 czenas |
| 650 | 0 | 7 | |a spokojenost |7 ph1102992 |2 czenas |
| 650 | 0 | 9 | |a women |2 eczenas |
| 650 | 0 | 9 | |a self-consciousness |2 eczenas |
| 650 | 0 | 9 | |a self-acceptance |2 eczenas |
| 650 | 0 | 9 | |a personality development |2 eczenas |
| 650 | 0 | 9 | |a personal coaching |2 eczenas |
| 650 | 0 | 9 | |a contentment |2 eczenas |
| 655 | 7 | |a příručky |7 fd133209 |2 czenas | |
| 655 | 9 | |a handbooks and manuals |2 eczenas | |
| 700 | 1 | |a Studnička, Milan, |d 1977- |7 mzk2003187266 |4 aut | |
| 900 | |a ABA001 |b 19 | ||
| 928 | 9 | |a Albatros Media - BizBooks | |
| 044 | |a xr | ||
| 910 | |a RBIT002 | ||
| 998 | |d 379415 |a https://core.palmknihy.cz/api/books/379415/cover?si6hvj |b https://core.palmknihy.cz/api/books/379415/cover/400?si6hvj |c https://core.palmknihy.cz/api/books/379415/cover/50?si6hvj |e 2033-12-31 |g 200 |i 9788026511397 |j https://core.palmknihy.cz/api/books/379415/preview.epub |k https://core.palmknihy.cz/api/books/379415/preview.pdf |l |q 49 |r 1 |s https://www.palmknihy.cz/kniha/379415 |t ebook |y 2023 |z 0 | ||
| 999 | |d 311973 | ||